=LDR 00000nam 2200000 4500 =001 INLIS000000000015725 =005 20130612111011 =008 ***********************************Ind** =035 ##$$0010-061300000015725 =041 ##$$a Ind =082 ##$$a 2x9.12 =090 ##$$a 2x9.12, Mub S =100 ##$$a Al-Mubarakfury,Syaikh Shafiyur Rahman =245 ##$$a Sirah Mabawiyah, Syaikh Shafiyur Rahman Al-Mubarakfury; penerjemah, Rahman =260 ##$$a 1998 $b Jakarta =300 ##$$a XXXVI,748 hlm, 23cm =650 ##$$a Sejarah Islam-Nabi Muhammad Said =700 ##$$a penerjemah, Rahman =850 ##$$a NBPNMAT